000 00770nam a2200265Ia 4500
003 OSt
005 20220925220822.0
006 a|||||r|||| 00| 0
007 ta
008 220923b |||||||| |||| 00| 0 eng d
020 _a0333428579
037 _cGeneral Book
040 _aRTL
_cRTL
_beng
041 _2eng
_aeng
082 _aX0gF, N1
100 _aInkster Ian
_917158
245 0 _aScience and technology in history
_b An approach to industrial development
260 _aLondon
_bMacmillan Education
_c1991
300 _axiv, 391p
_ccm.
490 _aThemes in Compratie History
500 _aAppendix : P 304-07
650 _aEconomic IRT Technology
942 _hX0gF, N1
_cGB
_2CC
999 _c572574
_d572574